000 01284nam a2200277 4500
001 1502
003 BR-CuiBMT
005 20231213143548.0
008 231212s2009 dfb 000 0 por d
040 _aBR-CuiBMT
_cBR-CuiBMT
080 _a321.01
_22007
090 _dBraile
_a321.01
_bC755
245 0 0 _aConselho aos governantes
_h[braile] /
_cSenado Federal.
260 _aBrasília :
_bSenado,
_c2009.
300 _av. em braile
490 1 _aEdições do Senado Federal
500 _aTranscrito para o sistema Braille pela Secretaria Especial de Editoração e Publicações do Senado Federal.
505 1 _av. 1. Platão, Kautilya -- v. 2, t. 1. Maquiavel -- v. 2, t. 2. Maquiavel -- v. 3, t. 1-3. Erasmo de Roterdã -- v. 4. Isócrates, Miguel de Cervantes, Maurício de Nassau, Marquês de Pombal, D. Pedro II -- v. 5. Nazarino -- v. 6. Sebastião César de Meneses -- v. 7. D. Luís da Cunha -- v. 8, t. 1. Marquês de Pombal, Frederico da Prússia, D. Pedro II.
590 _aA Biblioteca possui somente os volumes 1 a 3.
650 _aCiência política
650 _aCiência política
_xFilosofia
650 _aCiência política
_xHistória
710 1 _aBrasil.
_bCongresso Nacional.
_bSenado Federal.
830 0 _aEdições do Senado Federal
942 _2udc
_cLV
999 _c1502
_d1502